Comunicación cristiana de bienes, en el Nuevo Testamento (Record no. 46333)

MARC details
000 -LEADER
campo de control de longitud fija 00653nam a2200205 i 4500
001 - NÚMERO DE CONTROL
campo de control 46333
003 - IDENTIFICADOR DE NÚMERO DE CONTROL
campo de control ES-MaACL
005 - FECHA Y HORA DE LA ÚLTIMA TRANSACCIÓN
campo de control 20230906161350.0
007 - CAMPO FIJO DE DESCRIPCIÓN FÍSICA--INFORMACIÓN GENERAL
campo de control de longitud fija t|
008 - DATOS DE LONGITUD FIJA--INFORMACIÓN GENERAL
campo de control de longitud fija 030328s1957 sp ||||1| spa d
245 00 - MENCIÓN DEL TÍTULO
Título Comunicación cristiana de bienes, en el Nuevo Testamento
Resto del título : (ordenación de textos referentes a los deberes sociales).
260 ## - PUBLICACIÓN, DISTRIBUCIÓN, ETC.
Lugar de publicación, distribución, etc. Madrid :
Nombre del editor, distribuidor, etc. Euramérica,
Fecha de publicación, distribución, etc. [1957] (
Fabricante Nebrija)
300 ## - DESCRIPCIÓN FÍSICA
Extensión 216 p. ;
Dimensiones 18 cm.
490 1# - MENCIÓN DE SERIE
Mención de serie Mundo mejor
500 ## - NOTA GENERAL
Nota general Precede al tít.: Cáritas Española.
710 2# - ENTRADA AGREGADA--NOMBRE DE ENTIDAD CORPORATIVA
Nombre de entidad corporativa o nombre de jurisdicción como elemento de entrada Cáritas Española.
9 (RLIN) 2442
830 0# - PUNTO DE ACCESO ADICIONAL DE SERIE-TÍTULO UNIFORME
Título uniforme Mundo mejor
9 (RLIN) 181381
852 ## - LOCALIZACIÓN
Ubicación ES-MaACL
Número de control de estantería C-13498
Sublocalización o colección R.41270
Holdings
Estatus retirado Estado de pérdida Estado de daño No para préstamo Biblioteca de origen Biblioteca actual Ubicación en estantería Fecha de adquisición Fuente de adquisición Total de préstamos Signatura topográfica completa Código de barras Visto por última vez Precio de reemplazo Tipo de ítem Koha
        Biblioteca del Ateneo de Madrid Biblioteca del Ateneo de Madrid Sala Palomar 17/01/2008     C-13498 1048731 23/02/2023 23/02/2023 Libro impreso